Técnica de mi lenguaje musical
Zapisane w:
| 1. autor: | |
|---|---|
| Format: | Książka |
| Język: | hiszpański |
| Wydane: |
Santiago
s.n
1980
|
| Hasła przedmiotowe: | |
| Etykiety: |
Dodaj etykietę
Nie ma etykietki, Dołącz pierwszą etykiete!
|
MARC
| LEADER | 00000nam a2200000 a 4500 | ||
|---|---|---|---|
| 001 | UCN3571 | ||
| 003 | CL-VaPUC | ||
| 008 | 010629e19800000cl |||||||||||||||||spa|d | ||
| 082 | 0 | 4 | |a 781.3092 |b MES |2 21 |
| 100 | 0 | |a Messiaen, Olivier |e author |9 457751 | |
| 245 | 1 | 0 | |a Técnica de mi lenguaje musical |
| 300 | |a 100 h | ||
| 942 | |c BK | ||
| 945 | |d 20010629 00:00:00 |a crobeson | ||
| 260 | |a Santiago |b s.n |c 1980 | ||
| 650 | 0 | |a Composición musical |9 306660 | |
| 650 | 0 | |a Músicos franceses |9 441944 | |
| 650 | 7 | |a ORGANISTAS |2 CL-VaPUC |9 458709 | |
| 650 | 0 | |a Compositores franceses |9 328980 | |
| 650 | 0 | |a Música para piano |9 306528 | |
| 650 | 0 | |a Música instrumental |9 375235 | |
| 650 | 0 | |a Música vocal |9 306287 | |
| 650 | 0 | |a Música para órgano |9 458710 | |
| 650 | 0 | |a Análisis musical |9 267228 | |
| 583 | |a last modification |c 20180108 06:06:34 |k Rodrigo Vera | ||
| 999 | |c 296416 |d 296414 | ||
| 952 | |0 0 |1 0 |4 0 |6 781_309200000000000_MES_1980 |7 0 |8 R |9 350170 |a BIBEDU |b BIBEDU |d 2019-11-20 |i 1188739 |o 781.3092 MES 1980 |p 1188739 |r 2022-01-17 |w 2019-11-20 |y BK_R |k MUS | ||